00287nam a2200121Ia 4500008004100000082001400041100001600055245002900071250000800100260002600108300001000134650002100144150201s2008 xx 000 0 und d a612bC08M aMISRA, U.K. aCLINICAL NEUROPHYSIOLOGY a2ND bELSEVIERaDELHIc2008 a1-464 aHUMAN PHYSIOLOGY